000 00444nam a2200157 a 4500
005 20140412111232.0
008 010522s19uu xx 00 eng d
020 _a0-590-40164-5
050 _aTR(PS E
_bJa12 1986
245 _aJack and the beanstalk /
_cillustrated by Matt Faulkner.
260 _aNew York :
_bScholastic Inc,
_c1986.
300 _a1v. (unp.) ; ill.
650 _aBeans-Stories
650 _aGiants-Stories
999 _c102206
_d102206